Sports Quiz

Random Sports or State Quiz

2010 MLB Awards Quiz Stats

 Plays Quiz not verified by Sporcle

Score 0/28 Timer 04:00
0 Plays Today
Award Player % Correct
NL Cy YoungRoy Halladay
95.9%
AL MVPJosh Hamilton
95.2%
NL MVPJoey Votto
94.5%
AL Cy YoungFelix Hernandez
88.4%
NL Rookie of the YearBuster Posey
84.9%
AL Manager of the YearRon Gardenhire
69.2%
AL Rookie of the YearNeftali Feliz
65.1%
NL Manager of the YearBud Black
58.2%
AL MVP 3rd PlaceRobinson Cano
11.6%
NL MVP 2nd PlaceAlbert Pujols
11.6%
AL MVP 2nd PlaceMiguel Cabrera
11%
NL Rookie of the Year 2nd PlaceJason Heyward
10.3%
AL Cy Young 3rd PlaceCC Sabathia
9.6%
NL Cy Young 2nd PlaceAdam Wainwright
8.9%
Award Player % Correct
NL MVP 3rd PlaceCarlos Gonzalez
8.2%
NL MVP 4th PlaceAdrian Gonzalez
8.2%
AL MVP 5th PlacePul Konerko
7.5%
AL Cy Young 2nd PlaceDavid Price
7.5%
AL MVP 4th PlaceJose Bautista
6.8%
AL Manager of the Year 2nd PlaceRon Washington
6.2%
NL Manager of the Year 2nd PlaceDusty Baker
6.2%
NL Manager of the Year 3rd PlaceBruce Bochy
6.2%
NL MVP 5th PlaceTroy Tulowitzki
5.5%
AL Rookie of the Year 2nd PlaceAustin Jackson
5.5%
NL Cy Young 3rd PlaceUbaldo Jimenez
5.5%
AL Manager of the Year 3rd PlaceJoe Maddon
5.5%
AL Rookie of the year 3rd PlaceDany Valencia
4.1%
NL Rookie of the Year 3rd PlaceJaime Garcia
3.4%

You're not logged in!

Compare scores with friends on all Sporcle quizzes.
OR
Log In

Show Comments

Extras

Top Quizzes Today


Score Distribution

Your Account Isn't Verified!

In order to create a playlist on Sporcle, you need to verify the email address you used during registration. Go to your Sporcle Settings to finish the process.

Report this User

Report this user for behavior that violates our Community Guidelines.

Details: